000 01129nam a2200253Ia 4500
003 Ost
005 20260507075540.0
008 260507s9999||||xx |||||||||||||| ||und||
020 _a9773459780
040 _cfsecg
041 _aara
082 _a332.4
100 _aكويل، برايان
_eمؤلف
245 0 _aمبادلة العملات /
_c برايان كويل
250 _aطبعة 2
260 _aالقاهرة:
_bدار الفاروق للاستثمارات الثقافية,
_c2008
300 _a128 صفحة؛
_bإيضاحات ؛
_c24 سم
504 _aكشاف مصطلحات ص.119
520 _aيضم مقدمة إلى عمليات مبادلة العملة، سمات عمليات مبادلة العملة، دور البنوك، أنواع عمليات مبادلة العملة، عمليات مبادلة الأصول، تسعير المبادلات وتحديد قيمتها، أهمية عمليات المبادلة، الترتيب لإجراء المبادلة
653 _aالبنوك
653 _aالعملات الإسلامية
653 _aالنقود
942 _cكتاب
999 _c44864
_d44864